000 00921nam a2200241Ia 4500
003 Ost
005 20260507074950.0
008 260507s9999||||xx |||||||||||||| ||und||
020 _a9774310543
040 _cfsecg
041 _aara
082 _a332.4
100 _aعبد الرحيم، حسن أحمد
_eمؤلف
245 0 _aاقتصاديات النقود والبنوك /
_c حسن أحمد عبد الرحيم
260 _aالقاهرة:
_bمؤسسة طيبة للنشر والتوزيع,
_c2008
300 _a250 صفحة؛
_bإيضاحات ؛
_c24 سم
504 _aببليوغرافيا:ص.242-243
520 _aنشأة النقود وتطورها،العملة الورقية،الإستثمار،البنوك،البنوك التجارية،البنوك وعمليات الإئتمان
653 _aالإقتصاد
653 _aالبنوك
653 _aالنقود
942 _cكتاب
999 _c41986
_d41986